|
|
|
|
| LEADER |
00000nam a2200000 a 4500 |
| 005 |
20120207145337.0 |
| 007 |
cr|||| |||| |
| 008 |
090521s2009 sp a||||||||| 000 0 spa c |
| 017 |
|
|
|a DL AB. 73-2009
|
| 020 |
|
|
|a 9788496721661
|
| 020 |
|
|
|a 8496721663
|
| 035 |
|
|
|a 5873
|
| 040 |
|
|
|d vLex
|
| 080 |
|
|
|a 331.89
|
| 090 |
|
|
|c 2980
|d 2980
|
| 245 |
0 |
0 |
|a Medidas de conciliacin̤ de la vida personal, laboral y familiar
|h [Recurso electrn̤ico] :
|b hacia un respeto igualitario de las reformas parentales /
|c coordinadora: Mara̕ Belň Cardona Rubert ; autores: Mara̕ Jos ̌An̨̤ Roig ... [et. al.]
|
| 256 |
|
|
|a Servicio en ln̕ea
|
| 260 |
|
|
|a Albacete :
|b Bomarzo,
|c 2009
|
| 300 |
|
|
|a 1 recurso electrn̤ico
|
| 490 |
1 |
|
|a Estudios / Bomarzo
|
| 504 |
|
|
|a Bibliografa̕
|
| 506 |
1 |
|
|a Contenido solo disponible en los productos indicados
|d vLex Global
|d vLex Global (Academic Edition, excluding Law Schools)
|d vLex Global (U.S. Academic Edition, Law Schools)
|d vLex Global (U.S. Academic Edition, excluding Law Schools)
|d vLex Global (Academic Edition, Law Schools)
|
| 650 |
0 |
4 |
|a Conciliacin̤ laboral
|
| 650 |
0 |
4 |
|a Trabajo y familia
|
| 650 |
0 |
4 |
|a Igualdad ante la ley
|
| 650 |
0 |
4 |
|a Gestin̤ del tiempo
|
| 700 |
1 |
|
|a Cardona Rubert, Mara̕ Belň
|
| 700 |
1 |
|
|a An̨̤ Roig, Mara̕ Još
|
| 740 |
0 |
|
|a vLex Libros (Servicio en ln̕ea)
|
| 830 |
|
0 |
|a Estudios (Bomarzo)
|
| 856 |
4 |
0 |
|u http://vlex.com/source/medidas-conciliacion-vida-personal-familiar-laboral-5873
|z Acceso restringido
|
| 942 |
|
|
|c BOOK
|
| 999 |
0 |
|
|a Mediation and conciliation, Industrial
|
| 999 |
0 |
|
|a Work and family
|
| 999 |
0 |
|
|a Time management
|
| 999 |
0 |
|
|a Labor laws and legislation
|